00362nam a2200133 a 45000010010000000030011000100080041000210350026000620820014000881000025001022450038001272600039001656500024002040000-8537ELIB.Books110520 1957  a(ELIB.Books)0000-8682 a268 bAnd aAnderson, Bernhard W aThe Unfoleling Drama of the Bible bNew York: Association Press c1957 aChristian Education